000 00363nam a22001217a 4500
008 160504b xxu||||| |||| 00| 0 eng d
020 _a9780815126058
020 _a0815126050
041 _aeng
080 _a618.2
245 _aNurse client interaction implementing the nursing process:
_cSandra J. Sundeen; Gail W. Stuart; Elizabeth A. D.Rankin;
942 _2udc
_cBK
999 _c1796
_d1796